Producto o praxis del curriculum

Salvato in:
Dettagli Bibliografici
Autore principale: Grundy, Shirley (Autore)
Natura: Libro
Lingua:spagnolo
Pubblicazione: Madrid Morata 1991
Edizione:3a. ed
Serie:Colección Pedagogía. La Pedagogía Hoy
Soggetti:
Tags: Aggiungi Tag
Nessun Tag, puoi essere il primo ad aggiungerne!!

MARC

LEADER 00000cam a2200000 a 4500
001 UCU2927
003 CL-VaPUC
008 960502e19910000SP |||||||||||||||||spa|d
020 |a 8471123584 
082 0 4 |a 375  |b GRU  |2 21 
100 0 |a Grundy, Shirley  |e author  |9 359510 
245 1 0 |a Producto o praxis del curriculum 
250 |a 3a. ed 
300 |a 278 p 
942 |c BK 
945 |d 19960502 00:00:00  |a mcarcey 
260 |a Madrid  |b Morata  |c 1991 
650 0 |a Currículo  |9 307290 
650 7 |a EVALUACION CURRICULAR  |2 CL-VaPUC  |9 308585 
583 |a last modification  |c 20180828 02:40:14  |k Rodrigo Vera 
490 0 |a Colección Pedagogía. La Pedagogía Hoy 
999 |c 247088  |d 247086 
952 |0 0  |1 0  |4 0  |6 375_000000000000000_GRU_1991  |7 0  |8 R  |9 262677  |a BIBEDU  |b BIBEDU  |c MCIRC  |d 2019-11-19  |i 3196062  |o 375 GRU 1991  |p 3196062  |r 2023-01-13  |w 2019-11-19  |y BK_R  |k EDU 
952 |0 0  |1 0  |4 0  |6 375_000000000000000_GRU_1991  |7 0  |8 R  |9 262678  |a BIBEDU  |b BIBEDU  |c MCIRC  |d 2019-11-19  |i 366791K  |l 3  |o 375 GRU 1991  |p 366791K  |r 2023-01-13  |s 2022-05-02  |w 2019-11-19  |y BK_R  |k EPE 
952 |0 0  |1 0  |4 0  |6 375_000000000000000_GRU_1991  |7 0  |8 A  |9 262679  |a BIBMAT  |b BIBMAT  |c E_DIDACT  |d 2019-11-19  |i 4151763  |o 375 GRU 1991  |p 4151763  |r 2025-01-07  |w 2019-11-19  |y BK  |k MAT 
952 |0 0  |1 0  |4 0  |6 375_000000000000000_GRU_1991  |7 0  |8 A  |9 262680  |a BIBMAT  |b BIBMAT  |c E_DIDACT  |d 2019-11-19  |i 4151771  |o 375 GRU 1991  |p 4151771  |r 2025-01-07  |w 2019-11-19  |y BK  |k MAT 
952 |0 0  |1 0  |4 0  |6 375_000000000000000_GRU_1991  |7 0  |8 A  |9 262681  |a BIBMAT  |b BIBMAT  |c E_DIDACT  |d 2019-11-19  |i 415178K  |o 375 GRU 1991  |p 415178K  |r 2025-01-07  |w 2019-11-19  |y BK  |k MAT